00189nam a2200073Ia 4500008004100000100002300041245003300064260001800097170617s9999 xx 000 0 und d aVyas-S.P/Dixit-V.K 0aPharmaceutical Biotechnology bMumbai-Source